Nghiên cứu chế tạo màng quang xúc tác TiO2:Cr bằng phương pháp Solgel : Luận văn Thạc sĩ. Chuyên ngành: Vật lý kỹ thuật

Đề tài giới thiệu cấu trúc và tính chất của TiO2, tính năng quang xúc tác của TiO2, tính năng tự làm sạch, ứng dụng của tính chất quang xúc tác và siêu thấm ướt của TiO2, cải tiến hoạt tính quang xúc tác của vật liệu TiO2. Trình bày phương p...

وصف كامل

محفوظ في:
التفاصيل البيبلوغرافية
المؤلف الرئيسي: Nguyễn, Văn Tín
التنسيق: كتاب
اللغة:Undetermined
منشور في: Cần Thơ Trường Đại học Cần Thơ 2012
الموضوعات:
الوسوم: إضافة وسم
لا توجد وسوم, كن أول من يضع وسما على هذه التسجيلة!
Thư viện lưu trữ: Trung tâm Học liệu Trường Đại học Cần Thơ
LEADER 01377nam a2200217Ia 4500
001 CTU_174736
008 210402s9999 xx 000 0 und d
082 |a 621.38152 
082 |b T311 
088 |a 60440103 
100 |a Nguyễn, Văn Tín 
245 0 |a Nghiên cứu chế tạo màng quang xúc tác TiO2:Cr bằng phương pháp Solgel : 
245 0 |b Luận văn Thạc sĩ. Chuyên ngành: Vật lý kỹ thuật 
245 0 |c Nguyễn Văn Tín ; Lê Vũ Tuấn Hùng (Người hướng dẫn) 
260 |a Cần Thơ 
260 |b Trường Đại học Cần Thơ 
260 |c 2012 
520 |a Đề tài giới thiệu cấu trúc và tính chất của TiO2, tính năng quang xúc tác của TiO2, tính năng tự làm sạch, ứng dụng của tính chất quang xúc tác và siêu thấm ướt của TiO2, cải tiến hoạt tính quang xúc tác của vật liệu TiO2. Trình bày phương pháp Solgen và các phương pháp xác định cấu trúc, tính chất vật lý của màng... 
650 |a Electric discharge lighting,Ánh sáng hồ quang,Photocatalysis,Titanium dioxide,Titan điôxít,Quang xúc tác 
904 |i Hằng Ni, Năm 
980 |a Trung tâm Học liệu Trường Đại học Cần Thơ